• 首页
  • 本馆介绍
  • 公告通知
  • 最新文献
  • 馆藏检索
  • 电子资源
  • 读者导购
  • 参考咨询
  • 我的图书馆
  • 登录
  • 详细信息显示
  • 放入我的书架
  • 预约/预借图书
  • 作者相关作品
  • 分类相关作品
  • 丛书相关作品
  • 出版社相关作品

书目信息

  • 表格格式
  • 工作单格式
  • 卡片格式
书名: A model of human occupation
作者: Gary Kielhofner.
分册号:
分册名:
出版地: Baltimore :
 
出版社: Williams & Wilkins
出版时间: c1995.
页数: 388 p. :
开本: 26 cm.
丛书名:
中图分类号:
科图分类号:
其他分类号: R492
主题词:
电子资源:
000 00615cas 2200217 4500
001 E0731743173
005 20070407085502.38
020    @a0683046012.
090    @aR492
099    @dR492@ex15
100 1  @aKielhofner, Gary,@d1949-
245 11 @aA model of human occupation :@btheory and application / @cGary Kielhofner.
250    @a2nd ed.
260    @aBaltimore :@bWilliams & Wilkins,@cc1995.
300    @a388 p. :@bill. ;@c26 cm.
500    @aRev. ed. of: A model of human occupaton.
504    @aIncludes bibliographies and index.
920    @a211230@z1
920    @a231190@z1
920    @a235010@z2
998    @aBMU
    
    A model of human occupation : : theory and application / / Gary Kielhofner.-2nd ed.-Baltimore : : Williams & Wilkins, , c1995.
    388 p. : : ill. ; ; 26 cm.
    Rev. ed. of: A model of human occupaton.-Includes bibliographies and index.
    
    ISBN 0683046012.
    
●
相关链接 在E读中查询图书 在五车中查询图书 在当当中查询图书 在豆瓣中查询图书


正题名:model of human occupation     索取号:R492/x15         预约/预借

序号 登录号 条形码 馆藏地/架位号 状态 备注
1 003896   300038965   第二样本阅览室/ [索取号:R492/x15] 在馆    
唐山师范学院图书馆 欢迎您!
大连网信软件有限公司© 版权所有